000 01872nam a22003973i 4500
001 EBC7157474
003 MiAaPQ
005 20251113125412.0
007 cr cnu||||||||
008 251024s2022 xx o ||||0 eng d
020 _a9783031044656
_q(electronic bk.)
020 _z9783031044649
040 _aMiAaPQ
_beng
_cMiAaPQ
100 1 _aBerger, Stefan.
_91695
245 1 0 _aRethinking Revolutions from 1905 To 1934 :
_bDemocracy, Social Justice and National Liberation Around the World.
250 _a1st ed.
264 1 _aCham :
_bSpringer International Publishing AG,
_c2022.
264 4 _c©2023.
300 _a1 online resource (381 pages)
336 _aText
_btxt
_2rdacontent
337 _aComputermedien
_bc
_2rdamedia
338 _aOnline Resource
_bcr
_2rdacarrier
490 1 _aPalgrave Studies in the History of Social Movements Series
500 _aE-Book-ProQuest / Fernzugriff nach Registrierung möglich
520 _aThis edited collection offers a timely and original perspective on the many upheavals and revolutions that broke out across the world during the earlytwentieth century.With previous research tending to confine revolutions within national borders, this book sets out to place them within a broader global sphere of thought and action.
653 _aRevolutions-History-20th century.
655 _aFernzugriff
_9230
655 4 _aElectronic books.
700 1 _aWeinhauer, Klaus.
_9908
776 0 8 _iPrint version:
_aBerger, Stefan
_tRethinking Revolutions from 1905 To 1934
_dCham : Springer International Publishing AG,c2022
_z9783031044649
830 0 _aPalgrave Studies in the History of Social Movements Series
_967452
856 4 0 _uhttps://ebookcentral.proquest.com/lib/maxweberstiftung-ebooks/detail.action?docID=7157474
_zVolltext
942 _cEB
_2z
999 _c73089
_d73089